000 00518nam a2200181Ia 4500
008 090124s9999 xx 000 0 und d
082 _b31304
100 _aबिनीवाले अविनाश
245 _a भाषाकारण
250 _a1
260 _c2002
300 _a159
600 _aबिनीवाले अविनाश
630 _a भाषाकारण
700 _aबिनीवाले अविनाश
730 _a भाषाकारण
942 _cBOOK
999 _c144783
_d144783